Die größten Firmen Japans - Statistiken

Allgemein
  • Dieses Quiz wurde 156 mal gespielt
  • Das Durchschnittsergebnis liegt bei 4 aus 20
Antwortstatistiken
Rang Umsatz in Mrd. $ Firma Hauptsitz Branche % Korrekt
1 254,694 Toyota Motor Toyota Fahrzeuge
97%
2 129,198 Honda Motor Tokyo Fahrzeuge
60%
15 59,303 Mitsubishi Motors Tokyo Fahrzeuge
57%
9 70,170 Sony Tokyo Elektroartikelbau
55%
4 108,164 Nissan Yokohama Fahrzeuge
45%
10 67,775 Panasonic Coperation Osaka Elektroartikelbau
23%
6 84,558 Hitachi Tokyo Elektronik und Maschinenbau
6%
7 82,892 Softbank Tokyo Telekuminikation
3%
18 49,446 Tepco Tokyo Versorger
3%
5 105,128 NTT Tokyo Telekuminikation
2%
8 75,772 Æon Chiba Einzelhandel
1%
14 59,590 Daiichi Seimei Hoken Tokyo Versicherung
1%
3 122,990 Japan Post Group Tokyo Logistik
1%
13 63,629 JX Holdings Tokyo Mischkonzern
1%
12 65,792 Marubeni Tokyo Einzelhandel
1%
16 55,185 Mitsubishi UFJ Financial Tokyo Bank
1%
19 49,239 MS&AD Incurance Group Tokyo Versicherung
1%
11 67,388 Nihon Seimei Hoken Tokyo Versicherung
1%
17 53,858 Seven & I Holdings Tokyo Einzelhandel
1%
20 48,292 Tokyo Marine Holdings Tokyo Versicherung
1%
Keine übereinstimmenden Quizze gefunden
Verteilung der Resultate
Anzahl Personen mit jedem Resultat
Perzentil nach korrekt beantworteten Fragen
Ihre Resultats-Entwicklung
Sie haben dieses Quiz noch nicht gespielt